| 000 -LEADER |
| fixed length control field |
01604 a2200193 4500 |
| 003 - CONTROL NUMBER IDENTIFIER |
| control field |
Nust |
| 005 - DATE AND TIME OF LATEST TRANSACTION |
| control field |
20221219101216.0 |
| 020 ## - INTERNATIONAL STANDARD BOOK NUMBER |
| International Standard Book Number |
9780070671553 |
| 040 ## - CATALOGING SOURCE |
| Transcribing agency |
Nust |
| 082 ## - DEWEY DECIMAL CLASSIFICATION NUMBER |
| Classification number |
621.3824,KRA |
| 100 ## - MAIN ENTRY--PERSONAL NAME |
| Personal name |
D Kraus, John |
| 9 (RLIN) |
105163 |
| 245 ## - TITLE STATEMENT |
| Title |
Antennas and wave propogation / |
| Statement of responsibility, etc. |
John D Kraus, Ronald J Marhefka , Ahmad S Khan |
| 250 ## - EDITION STATEMENT |
| Edition statement |
4th Edition |
| 260 ## - PUBLICATION, DISTRIBUTION, ETC. |
| Place of publication, distribution, etc. |
New Delhi |
| Name of publisher, distributor, etc. |
Tata McGraw Hill |
| Date of publication, distribution, etc. |
2010 |
| 300 ## - PHYSICAL DESCRIPTION |
| Extent |
xxiii,906p. |
| 505 ## - FORMATTED CONTENTS NOTE |
| Formatted contents note |
Introduction (Page-1), Antenna Basics (Page-80, The Antenna Family (Page-53), Radiation (Page-690, Point Sources and their Arrays (Page-86), Electric Dipoles, thin Linear Antennas and Arrays of Dipoles and Apertures (Page-156), Loop, Slot and Horn Antennas (Page-246), Helical Antennas (Page-297), Reflector Antennas (Page-3680, Lens Antennas (Page-399), Broadband and Frequency-Independent Antennas (Page-423), The Cylindrical Antenna and the Moment Method (MM) (Page 443), Frequency-Selective Surfaces and periodic Structures (Page-478), Microstrip Antennas (Page-5000, Antennas for Special Applications (Page-523), Practical Design Consideration of Large Aperture Antennas (Page-596), Antenna Temperature, Remote Sensing and Radar Cross Section (Page-621), Self and Mutual Impedances (Page-654), The Fourier Transform Relation Between Aperture Distribution and Far-Field Pattern (Page-669), Baluns,etc. (Page-695), Antenna Measurements (Page-715), Basics of Wave Propagation (Page-715), Ground Wave Propagation (Page-782), Space Wave Propagation (Page-799), Sky Wave Propagation (Page-815). |
| 650 ## - SUBJECT ADDED ENTRY--TOPICAL TERM |
| Topical term or geographic name entry element |
Telecommunication Engineering |
| 942 ## - ADDED ENTRY ELEMENTS (KOHA) |
| Source of classification or shelving scheme |
|
| Koha item type |
Book |